000 00472nam a2200181Ia 4500
003 GCL
008 140319s9999 xx 000 0 eng d
040 _aGCL /
_cGCL
082 0 4 _a674.8
_bP M
100 1 _aPHILIPS, ANN
245 1 0 _aMAKE MONEY FROM WOOD TURNING /
_cPHILIPS, ANN
700 1 _aPHILIPS, BOB
260 _a[S.N] :
_bGUILD OF MASTER CRAFTSMAN PUBLICATIONS L ،
_c1994
300 _a156 P
650 0 4 _aWOOD
650 0 4 _aWOOD PROUCTS
942 _2ddc
_cBK
999 _c12216
_d12216